Ind- geography - Statistics

General Stats
  • This quiz has been taken 30 times
  • The average score is 9 of 15
Answer Stats
Hint Answer % Correct
Country in South Asia India
100%
Country in Southeast Asia Indonesia
96%
U.S. state Indiana
93%
Capital of the above Indianapolis
82%
Caribbean islands West {Indies}
82%
Large body of water Indian Ocean
75%
Former Prime Minister of #1 Indira Gandhi
71%
South Asian river Indus
68%
Peninsula in Southeast Asia Indochina
64%
Language family Indo-European languages
54%
Holiday celebrated in #1 on August 15 Independence Day
32%
Large city in #1 Indore
32%
Official name of Papua New Guinea {Independent State} of Papua New Guinea
25%
Subgroup of the above, incl. Urdu and Bengali Indo-Aryan languages
25%
Subgroup of the above, incl. Persian and Kurdish Indo-Iranian languages
21%
No matching quizzes found
Score Distribution
Percent of People with Each Score
Percentile by Number Answered
Your Score History
You have not taken this quiz